| 000 | 00559nam a22001697a 4500 | ||
|---|---|---|---|
| 999 |
_c17098 _d17098 |
||
| 008 | 220606b ||||| |||| 00| 0 eng d | ||
| 020 | _a9781260575163 | ||
| 082 |
_22021 _aDC 547 _bSm511 |
||
| 100 |
_aSmith, Janice G., author _945446 |
||
| 245 |
_aOrganic chemistry with biological topics/ _cJanice G. Smith |
||
| 250 | _aSixth edition | ||
| 260 |
_aNew York, NY: _bMc Graw Hill, _c2021. |
||
| 300 |
_aiii, 1268 pages: _billustrations; _c27 cm. |
||
| 500 | _aIncludes appendices, glossary and index. | ||
| 650 |
_aOrganic chemistry. _945447 |
||
| 942 |
_2ddc _cDC |
||